| 000 | 00438nam a2200145 i 4500 | ||
|---|---|---|---|
| 001 | 44460 | ||
| 003 | ES-MaACL | ||
| 007 | t| | ||
| 008 | 030321s1889 sp ||||1| spa d | ||
| 245 | 0 | 0 |
_aCódigo civil español / _crelacionado con leyes vigentes y anotado por Dionisio Doblado. |
| 260 |
_aMadrid : _bViuda de Hernando y Cia., _c1889. |
||
| 300 |
_a590 p. ; _c17 cm. |
||
| 700 | 1 |
_aDoblado, Dionisio. _944935 |
|
| 852 |
_aES-MaACL _jB-7155 |
||
| 999 |
_c44460 _d44460 |
||